| 000 | 00503nam a2200193 a 4500 | ||
|---|---|---|---|
| 005 | 20230602063702.0 | ||
| 008 | 991125 mx 000 0 spa u | ||
| 035 | _aUPN01000033185 | ||
| 049 | _aCG | ||
| 050 | 4 |
_aPQ7298.2 A7 _bJ6 |
|
| 100 | 1 |
_aPaso, Fernando del, _d1935- _928598 |
|
| 245 | 1 | 0 |
_aJosé Trigo / _cFernando del Paso |
| 260 |
_aMéxico : _bSiglo XXI |
||
| 300 | _a536 p | ||
| 440 | 3 | _aLa creación literaria | |
| 650 | 4 |
_aNovela mexicana _94557 |
|
| 904 |
_aAC _b033186 |
||
| 905 | _aLibro | ||
| 999 |
_c33185 _d33185 |
||